[Event "Banff op"]
[Site "Banff CAN"]
[Date "2019.11.10"]
[Round "4.3"]
[White "Zhao, Ian"]
[Black "Chandra, Anand"]
[Result "1-0"]
[WhiteElo "2402"]
[BlackElo "2062"]
[PlyCount "73"]
[EventDate "2019.11.09"]
[EventType "swiss"]
[EventRounds "6"]
[EventCountry "CAN"]

1. e4 e5 2. Nf3 Nc6 3. Bc4 Bc5 4. O-O Nf6 5. d3 d6 6. c3 O-O 7. Nbd2 a6 8. h3
h6 9. a4 Ba7 10. Re1 Ne7 11. b4 Ng6 12. Nf1 c6 13. Bb3 Re8 14. Ng3 Qc7 15. a5
Bd7 16. d4 Nf4 17. Be3 Ng6 18. Qc2 b5 19. axb6 Bxb6 20. dxe5 dxe5 21. Bxb6 Qxb6
22. Ra5 Nf4 23. Nxe5 Be6 24. Ba4 Rec8 25. Qd2 g5 26. Qd6 Ne8 27. Qc5 Qxc5 28.
Rxc5 f6 29. Nxc6 Kf7 30. Rd1 h5 31. Nf5 g4 32. hxg4 hxg4 33. Kf1 Ng6 34. g3 Kf8
35. Kg2 Ng7 36. Nd6 Rc7 37. Ne5 1-0

[Event "Banff op"]
[Site "Banff CAN"]
[Date "2019.11.10"]
[Round "4.4"]
[White "Srinivasan, Hemant"]
[Black "Su, Ethan"]
[Result "1-0"]
[WhiteElo "2096"]
[BlackElo "1859"]
[PlyCount "104"]
[EventDate "2019.11.09"]
[EventType "swiss"]
[EventRounds "6"]
[EventCountry "CAN"]

1. d4 e6 2. c4 b6 3. e4 Bb7 4. Bd3 d6 5. Nc3 Nd7 6. Nge2 c5 7. d5 Ngf6 8. O-O
Be7 9. Nf4 e5 10. Nfe2 a6 11. Ng3 Qc7 12. f4 O-O-O 13. Nf5 Bf8 14. fxe5 Nxe5
15. Bg5 Ned7 16. e5 Nxe5 17. Nxg7 Bxg7 18. Bxf6 Bxf6 19. Rxf6 Qe7 20. Ne4 Rhe8
21. Rf4 Nxd3 22. Qxd3 Qe5 23. Raf1 Re7 24. Nc3 Qg7 25. Na4 Rg8 26. g3 Rd8 27.
Rf6 Re1 28. Rxf7 Qxf7 29. Rxe1 Rf8 30. Rf1 Qxf1+ 31. Qxf1 Rxf1+ 32. Kxf1 Kc7
33. Nc3 Bc8 34. Kf2 Bd7 35. b3 b5 36. Ke3 bxc4 37. bxc4 Bf5 38. Ne4 Bh3 39. Kf4
Bf1 40. Nd2 Bd3 41. Ke3 Bf5 42. h4 Bg4 43. Kf4 Be2 44. Kg5 Kb6 45. Kf6 Bd3 46.
g4 Kc7 47. g5 Bg6 48. Ke6 Bd3 49. h5 Bc2 50. Kf6 Kb6 51. g6 hxg6 52. hxg6 Ka5
1-0

[Event "Banff op"]
[Site "Banff CAN"]
[Date "2019.11.10"]
[Round "4.5"]
[White "Hartman, Brian"]
[Black "Yao, Sammy"]
[Result "1-0"]
[WhiteElo "2374"]
[BlackElo "2039"]
[PlyCount "45"]
[EventDate "2019.11.09"]
[EventType "swiss"]
[EventRounds "6"]
[EventCountry "CAN"]

1. e4 c5 2. Nf3 e6 3. d4 cxd4 4. Nxd4 a6 5. Bd3 Bc5 6. Nb3 Be7 7. c4 Qc7 8. O-O
Nf6 9. Nc3 d6 10. Be3 Nbd7 11. f4 b6 12. Qf3 Bb7 13. Rae1 O-O-O 14. Qe2 Nc5 15.
Nxc5 dxc5 16. h3 h6 17. e5 Ne8 18. Be4 Bxe4 19. Nxe4 Qc6 20. Bd2 Nc7 21. Bc3
Rd7 22. Qf3 Kb8 23. Nf6 1-0

[Event "Banff op"]
[Site "Banff CAN"]
[Date "2019.11.10"]
[Round "4.6"]
[White "Linnick, Mark"]
[Black "Findlay, Ian"]
[Result "0-1"]
[WhiteElo "1902"]
[BlackElo "2362"]
[PlyCount "34"]
[EventDate "2019.11.09"]
[EventType "swiss"]
[EventRounds "6"]
[EventCountry "CAN"]

1. d4 Nf6 2. Nf3 e6 3. Bf4 d5 4. e3 Bd6 5. Bg3 O-O 6. Nbd2 c5 7. c3 b6 8. Bd3
Bb7 9. Ne5 Nc6 10. f4 Ne7 11. Qf3 Nf5 12. Bf2 Be7 13. g4 Nd6 14. g5 Nfe4 15.
Nxe4 dxe4 16. Bxe4 Bxe4 17. Qxe4 Nxe4 0-1

[Event "Banff op"]
[Site "Banff CAN"]
[Date "2019.11.11"]
[Round "5.1"]
[White "Zhao, Ian"]
[Black "Matras-Clement, Agnieszka"]
[Result "0-1"]
[WhiteElo "2402"]
[BlackElo "2351"]
[PlyCount "124"]
[EventDate "2019.11.09"]
[EventType "swiss"]
[EventRounds "6"]
[EventCountry "CAN"]

1. e4 e5 2. Nf3 Nc6 3. Bc4 Nf6 4. d3 Be7 5. O-O O-O 6. Re1 d6 7. a4 Na5 8. Ba2
c5 9. c3 Nc6 10. Na3 Be6 11. Bxe6 fxe6 12. Nc4 Qe8 13. Ng5 Nd8 14. b4 cxb4 15.
cxb4 Qg6 16. Qe2 Nh5 17. Nf3 Nf4 18. Bxf4 Rxf4 19. b5 Nf7 20. Rac1 Rf8 21. Rf1
Nh6 22. Kh1 Ng4 23. Ncd2 Bd8 24. Rc8 Bb6 25. Rxf8+ Rxf8 26. Nc4 Bc5 27. Na5 Qf7
28. Nb3 Bb4 29. Rc1 Nf6 30. Rc4 Ba3 31. Ng5 Qe7 32. Qc2 Ne8 33. Nf3 d5 34. Rc8
Qb4 35. Nc5 dxe4 36. dxe4 Nd6 37. Rxf8+ Kxf8 38. Nxe6+ Ke7 39. Neg5 Qc5 40.
Qxc5 Bxc5 41. Nxe5 Bxf2 42. Ng4 Bb6 43. e5 Nc4 44. Nxh7 Nb2 45. Ng5 Nxa4 46.
Ne4 Ke6 47. Nd6 Nc3 48. g3 Bc7 49. Nxb7 Nxb5 50. Kg2 Kd5 51. Kf3 Kc6 52. Nd6
Nxd6 53. exd6 Bxd6 54. Ke4 a5 55. Kd4 a4 56. Kc4 a3 57. Kb3 Kd5 58. Ne3+ Ke4
59. Nc4 Be7 60. Nxa3 Bxa3 61. Kxa3 Kf3 62. Kb4 Kg2 0-1

[Event "Banff op"]
[Site "Banff CAN"]
[Date "2019.11.11"]
[Round "5.2"]
[White "Ginsburg, Mark"]
[Black "Srinivasan, Hemant"]
[Result "1-0"]
[WhiteElo "2395"]
[BlackElo "2096"]
[PlyCount "57"]
[EventDate "2019.11.09"]
[EventType "swiss"]
[EventRounds "6"]
[EventCountry "CAN"]

1. Nf3 Nf6 2. d4 d5 3. c4 e6 4. g3 Be7 5. Bg2 O-O 6. O-O b6 7. cxd5 exd5 8. Nc3
Bb7 9. Bf4 Ne4 10. Rc1 Nc6 11. Nb5 Nd6 12. Qa4 Qd7 13. Nxd6 Bxd6 14. Bxd6 Qxd6
15. Rc3 Rfc8 16. Rfc1 Nb4 17. Bh3 b5 18. Qa3 Re8 19. Rxc7 a5 20. Ne5 Qh6 21.
Qf3 f6 22. Ng4 Qg5 23. Ne3 Rab8 24. Nf5 g6 25. Rg7+ Kh8 26. Rcc7 Rec8 27. Rxh7+
Kg8 28. Rcg7+ Kf8 29. Rh8# 1-0

[Event "Banff op"]
[Site "Banff CAN"]
[Date "2019.11.11"]
[Round "5.3"]
[White "Banerjee, Bitan"]
[Black "Valencia, Belsar"]
[Result "0-1"]
[WhiteElo "2499"]
[BlackElo "2348"]
[PlyCount "88"]
[EventDate "2019.11.09"]
[EventType "swiss"]
[EventRounds "6"]
[EventCountry "CAN"]

1. d4 Nf6 2. c4 g6 3. Nc3 Bg7 4. e4 d6 5. h3 O-O 6. Be3 c5 7. d5 e6 8. Bd3 exd5
9. exd5 Re8 10. Nf3 Bf5 11. Bxf5 gxf5 12. O-O Ne4 13. Ne2 Nd7 14. Qc2 Qf6 15.
Rab1 b6 16. Nf4 Kh8 17. Nd2 Qh4 18. Rfe1 Re7 19. Nf3 Qf6 20. Qd1 Ne5 21. Nh5
Nxf3+ 22. Qxf3 Qg6 23. Nxg7 Kxg7 24. Bf4 Rae8 25. Red1 h5 26. h4 Kh7 27. Rd3
Nf6 28. Qd1 Ng4 29. f3 Ne3 30. Bxe3 Rxe3 31. Rxe3 Rxe3 32. Qf1 Qg3 33. Qf2 Qe5
34. Kf1 Qd4 35. Qc2 Kg6 36. Rd1 Qxh4 37. b3 Qg3 38. Qf2 f4 39. Re1 Rxe1+ 40.
Qxe1 Qxe1+ 41. Kxe1 Kg5 42. Ke2 Kh4 43. Kf2 a6 44. a3 a5 0-1

[Event "Banff op"]
[Site "Banff CAN"]
[Date "2019.11.11"]
[Round "5.4"]
[White "Malek, Omid"]
[Black "Hartman, Brian"]
[Result "1/2-1/2"]
[WhiteElo "2311"]
[BlackElo "2374"]
[PlyCount "89"]
[EventDate "2019.11.09"]
[EventType "swiss"]
[EventRounds "6"]
[EventCountry "CAN"]

1. d4 c5 2. d5 d6 3. Nc3 g6 4. e4 Bg7 5. Nf3 Nf6 6. Be2 O-O 7. O-O Na6 8. Nd2
Nc7 9. a4 b6 10. Nc4 Ba6 11. Bg5 h6 12. Bh4 g5 13. Bg3 Nh5 14. Ne3 Nxg3 15.
hxg3 Bxe2 16. Qxe2 e6 17. Rad1 Qe7 18. Qh5 Rad8 19. Rfe1 Rfe8 20. Ng4 Qf8 21.
Re3 exd5 22. Nxd5 Nxd5 23. Rxd5 Re6 24. c3 Rde8 25. f3 Be5 26. Qh3 Kg7 27. Red3
a6 28. Ne3 b5 29. axb5 axb5 30. Qg4 Kh8 31. Nf5 c4 32. Rd1 b4 33. f4 Bf6 34.
Nxd6 bxc3 35. Nxe8 Qxe8 36. bxc3 Rxe4 37. Qh5 Kg7 38. Rd6 gxf4 39. Rxf6 Re1+
40. Kh2 fxg3+ 41. Kh3 Rxd1 42. Qxh6+ Kg8 43. Qg5+ Kf8 44. Qc5+ Kg8 45. Qg5+
1/2-1/2

[Event "Banff op"]
[Site "Banff CAN"]
[Date "2019.11.11"]
[Round "5.5"]
[White "Findlay, Ian"]
[Black "Miller, David"]
[Result "0-1"]
[WhiteElo "2362"]
[BlackElo "2234"]
[PlyCount "68"]
[EventDate "2019.11.09"]
[EventType "swiss"]
[EventRounds "6"]
[EventCountry "CAN"]

1. e4 c5 2. Nf3 d6 3. d4 cxd4 4. Nxd4 Nf6 5. Nc3 a6 6. h3 b5 7. a4 b4 8. Nd5 e6
9. Nxf6+ Qxf6 10. Be3 Bb7 11. Qd2 Bxe4 12. Qxb4 Nd7 13. Nb5 axb5 14. Qxe4 d5
15. Qd4 Qxd4 16. Bxd4 e5 17. Be3 d4 18. Bd2 Rxa4 19. Rxa4 bxa4 20. Bb5 a3 21.
bxa3 Bxa3 22. O-O Ke7 23. Re1 f6 24. f4 Bd6 25. c3 dxc3 26. Bxc3 Rc8 27. Bxd7
Rxc3 28. Bg4 Bc5+ 29. Kf1 Be3 30. fxe5 fxe5 31. Bf5 h6 32. Be4 Kf6 33. Ke2 Bf4
34. Rf1 Re3+ 0-1

[Event "Banff op"]
[Site "Banff CAN"]
[Date "2019.11.11"]
[Round "6.1"]
[White "Matras-Clement, Agnieszka"]
[Black "Ginsburg, Mark"]
[Result "1/2-1/2"]
[WhiteElo "2351"]
[BlackElo "2395"]
[PlyCount "117"]
[EventDate "2019.11.09"]
[EventType "swiss"]
[EventRounds "6"]
[EventCountry "CAN"]

1. e4 c5 2. Nf3 e6 3. d4 cxd4 4. Nxd4 a6 5. Nc3 Qc7 6. Bd3 Nf6 7. f4 d6 8. Qf3
Nc6 9. Nxc6 bxc6 10. O-O d5 11. e5 Nd7 12. Kh1 g6 13. b3 Bb7 14. Na4 Nb6 15.
Nxb6 Qxb6 16. c4 Be7 17. Bb2 dxc4 18. Bxc4 c5 19. Qe2 Rd8 20. Rac1 O-O 21. Rc3
Bd5 22. Rh3 Bxc4 23. bxc4 Rd7 24. Rb3 Qc6 25. Bc3 Bd8 26. Re1 Bh4 27. Reb1 Qa4
28. Rb6 Rfd8 29. Rd6 Be7 30. Rxd7 Rxd7 31. h3 Rd8 32. Rb7 Bf8 33. Kh2 Bh6 34.
g3 Bf8 35. h4 h5 36. Rc7 Rd1 37. Rb7 Rc1 38. Rb3 Qc6 39. Qg2 Qxg2+ 40. Kxg2
Rc2+ 41. Kf3 Rxa2 42. Ke4 Kg7 43. Rb7 Rg2 44. Ba5 Rxg3 45. Bd8 Rc3 46. Bf6+ Kg8
47. Rb8 Rxc4+ 48. Kd3 Rb4 49. Ra8 Rb7 50. Rxa6 Kh7 51. Ra8 Bg7 52. Bg5 Bh6 53.
Bf6 Bg7 54. Bg5 Bh8 55. Kc4 f6 56. exf6 Rf7 57. Kxc5 Bxf6 58. Kd6 Bg7 59. Kxe6
{(last couple of moves are unreadable)} 1/2-1/2

[Event "Banff op"]
[Site "Banff CAN"]
[Date "2019.11.11"]
[Round "6.2"]
[White "Arruebarrena, Rafael"]
[Black "Valencia, Belsar"]
[Result "0-1"]
[WhiteElo "2329"]
[BlackElo "2348"]
[PlyCount "78"]
[EventDate "2019.11.09"]
[EventType "swiss"]
[EventRounds "6"]
[EventCountry "CAN"]

1. e4 c5 2. Nf3 d6 3. d4 cxd4 4. Nxd4 Nf6 5. Nc3 Nc6 6. Bg5 e6 7. Qd2 a6 8.
O-O-O Bd7 9. f3 Be7 10. h4 h6 11. Be3 h5 12. Kb1 Ne5 13. Bg5 b5 14. f4 Neg4 15.
a3 Qb6 16. Qe1 Qc5 17. Rd2 Rb8 18. Nb3 Qc7 19. Rh3 e5 20. Rhd3 Be6 21. Be2 Bc4
22. Rg3 exf4 23. Bxf4 O-O 24. Bg5 Rfe8 25. Nd4 Bf8 26. Bxg4 Nxg4 27. Nf5 g6 28.
Ne3 Nxe3 29. Rxe3 b4 30. Nd5 Bxd5 31. exd5 Rxe3 32. Qxe3 Bg7 33. c3 Qxc3 34.
Qxc3 Bxc3 35. Rc2 Be5 36. Bc1 Rb5 37. Rc8+ Kg7 38. Ra8 a5 39. Kc2 Rc5+ 0-1

[Event "Banff op"]
[Site "Banff CAN"]
[Date "2019.11.11"]
[Round "6.3"]
[White "Miller, David"]
[Black "Malek, Omid"]
[Result "1-0"]
[WhiteElo "2234"]
[BlackElo "2311"]
[PlyCount "47"]
[EventDate "2019.11.09"]
[EventType "swiss"]
[EventRounds "6"]
[EventCountry "CAN"]

1. e4 e6 2. d4 d5 3. Nc3 Nf6 4. e5 Nfd7 5. f4 c5 6. Nf3 Nc6 7. Be3 Be7 8. Qd2
O-O 9. dxc5 Nxc5 10. O-O-O a6 11. Qf2 Nd7 12. Bd3 Nb4 13. f5 Kh8 14. g4 f6 15.
exf6 Bxf6 16. fxe6 Ne5 17. Nxe5 Bxe5 18. Bf5 Bxe6 19. Bc5 Qg5+ 20. Kb1 Nc6 21.
Bxf8 Rxf8 22. Qc5 Re8 23. Bxe6 Rxe6 24. Qf8# 1-0

[Event "Banff op"]
[Site "Banff CAN"]
[Date "2019.11.11"]
[Round "6.4"]
[White "Srinivasan, Hemant"]
[Black "Zhao, Ian"]
[Result "0-1"]
[WhiteElo "2096"]
[BlackElo "2402"]
[PlyCount "74"]
[EventDate "2019.11.09"]
[EventType "swiss"]
[EventRounds "6"]
[EventCountry "CAN"]

1. e4 e5 2. Nf3 Nc6 3. Bb5 a6 4. Ba4 Nf6 5. O-O Be7 6. Re1 b5 7. Bb3 O-O 8. c3
d5 9. exd5 Nxd5 10. Nxe5 Nxe5 11. Rxe5 c6 12. d4 Bd6 13. Re1 Qh4 14. g3 Qh3 15.
Re4 g5 16. Qf1 Qxf1+ 17. Kxf1 Bf5 18. Bxd5 cxd5 19. Re1 Rfe8 20. Be3 Bh3+ 21.
Kg1 f5 22. Bd2 f4 23. b4 Kf7 24. Na3 Rg8 25. Rad1 h5 26. Rb1 h4 27. Rb2 hxg3
28. fxg3 fxg3 29. hxg3 Kg6 30. Re3 Rae8 31. Nc2 Rxe3 32. Nxe3 Bxg3 33. Nxd5 Rf8
34. Ne3 Bf2+ 35. Kh2 Rh8 36. Ng2 Be6+ 37. Nh4+ Bxh4 0-1

[Event "Banff op"]
[Site "Banff CAN"]
[Date "2019.11.11"]
[Round "6.5"]
[White "Hartman, Brian"]
[Black "Windram, James"]
[Result "0-1"]
[WhiteElo "2374"]
[BlackElo "2034"]
[PlyCount "56"]
[EventDate "2019.11.09"]
[EventType "swiss"]
[EventRounds "6"]
[EventCountry "CAN"]

1. e4 c5 2. Nf3 Nc6 3. d4 cxd4 4. Nxd4 Nf6 5. Nc3 d6 6. Bc4 e6 7. Be3 a6 8. Qe2
Qc7 9. O-O-O b5 10. Bb3 Be7 11. a3 Na5 12. f3 Rb8 13. g4 Nc4 14. Ncxb5 axb5 15.
Nxb5 Rxb5 16. Qxc4 Rb7 17. a4 Nd7 18. a5 Nc5 19. Bxc5 Qxc5 20. Rd4 O-O 21. Qxc5
dxc5 22. Ra4 Ra7 23. Bc4 Ba6 24. Bxa6 Rxa6 25. c3 Rfa8 26. b4 cxb4 27. cxb4 Rb8
28. Rd1 Rxb4 0-1

[Event "Banff op"]
[Site "Banff CAN"]
[Date "2019.11.11"]
[Round "6.6"]
[White "Findlay, Ian"]
[Black "Wang, Paul"]
[Result "1-0"]
[WhiteElo "2362"]
[BlackElo "1993"]
[PlyCount "55"]
[EventDate "2019.11.09"]
[EventType "swiss"]
[EventRounds "6"]
[EventCountry "CAN"]

1. e4 e5 2. Nf3 Nc6 3. Bb5 Nf6 4. O-O Nxe4 5. d4 Nd6 6. dxe5 Nxb5 7. a4 Nbd4 8.
Nxd4 Nxd4 9. Qxd4 d5 10. exd6 Qxd6 11. Qe3+ Be6 12. Nc3 a6 13. Rd1 Qc6 14. Rd3
Be7 15. Nb5 O-O 16. Nd4 Bc5 17. Nxc6 Bxe3 18. Ne7+ Kh8 19. Bxe3 c6 20. a5 Rfe8
21. Bc5 h6 22. f4 g6 23. Bd4+ Kh7 24. Bf6 h5 25. h3 Rab8 26. b3 b6 27. Nxc6
Rbc8 28. Nd4 1-0

[Event "Banff op TB"]
[Site "Banff CAN"]
[Date "2019.11.01"]
[Round "1"]
[White "Matras-Clement, Agnieszka"]
[Black "Valencia, Belsar"]
[Result "0-1"]
[WhiteElo "2351"]
[BlackElo "2348"]
[PlyCount "131"]
[EventDate "2019.11.11"]
[EventType "match"]
[EventRounds "1"]
[EventCountry "CAN"]

1. Nf3 d5 2. g3 c6 3. b3 Nf6 4. Bb2 Bf5 5. Bg2 Nbd7 6. O-O Qc7 7. c4 e6 8. d3
Be7 9. Nc3 O-O 10. Re1 Bg6 11. Qc2 Rac8 12. Rac1 dxc4 13. bxc4 e5 14. Nh4 Nc5
15. Nxg6 hxg6 16. e3 Rcd8 17. Rcd1 Ne6 18. Ne2 Bb4 19. Rf1 Rfe8 20. Qb3 Bf8 21.
Rfe1 b6 22. d4 exd4 23. exd4 Ng5 24. Nf4 Bd6 25. Nd3 Nge4 26. Ne5 Bxe5 27. dxe5
Nc5 28. Qc2 Rxd1 29. Rxd1 Nfd7 30. f4 Nf8 31. Qd2 Nfe6 32. Qe3 Rd8 33. Rxd8+
Qxd8 34. Bf3 Qd7 35. h4 Kh7 36. g4 Qd3 37. Qxd3 Nxd3 38. Bc3 Nexf4 39. Kf1 c5
40. Be4 Nc1 41. a3 Nce2 42. Be1 Nd4 43. Kf2 Nfe6 44. Ke3 Kg8 45. Bc3 Kf8 46. h5
gxh5 47. gxh5 Kg8 48. Bd5 Kf8 49. Ke4 Ng5+ 50. Ke3 Nge6 51. a4 Ke7 52. Ke4 Kf8
53. Be1 Ng5+ 54. Kd3 Nge6 55. Bh4 Nf4+ 56. Ke4 Nfe6 57. Bf2 Ke7 58. Be3 Kf8 59.
h6 gxh6 60. Bxh6+ Ke7 61. Be3 Kd7 62. a5 bxa5 63. Bxe6+ Nxe6 64. Kd5 a4 65. Bc1
Kc7 66. Ba3 0-1

[Event "Battle of Alberta"]
[Site "Red Deer CAN"]
[Date "2019.08.07"]
[Round "1.1"]
[White "Banerjee, Bitan"]
[Black "Zhao, Ian"]
[Result "1-0"]
[WhiteElo "2487"]
[BlackElo "2384"]
[PlyCount "83"]
[EventDate "2019.08.07"]
[EventType "team"]
[EventRounds "2"]
[EventCountry "CAN"]
[WhiteTeam "North"]
[BlackTeam "South"]

1. c4 Nf6 2. Nc3 e5 3. g3 c6 4. d4 d6 5. Bg2 Nbd7 6. e4 Be7 7. Nge2 Qc7 8. O-O
O-O 9. h3 Re8 10. Be3 a5 11. Rc1 Bf8 12. f3 b6 13. d5 Ba6 14. dxc6 Qxc6 15. b3
Nc5 16. a4 Bb7 17. Nb5 Rad8 18. Qc2 Qd7 19. Rfd1 Bc6 20. Nec3 h6 21. Rd2 Qb7
22. Rcd1 Qb8 23. Kh2 Na6 24. h4 Nb4 25. Qb1 Nd7 26. Nxd6 Bxd6 27. Rxd6 Nc5 28.
Rxd8 Rxd8 29. Nd5 Bxd5 30. exd5 Qd6 31. Bh3 Re8 32. Bf5 g6 33. Bc2 Kg7 34. Qc1
h5 35. Qb2 Kg8 36. Bb1 f5 37. Qc3 Kf7 38. Bc1 f4 39. gxf4 exf4 40. Rg1 Re2+ 41.
Kh1 Ne4 42. Bxe4 1-0

[Event "Battle of Alberta"]
[Site "Red Deer CAN"]
[Date "2019.08.07"]
[Round "1.2"]
[White "Yam, Alex"]
[Black "Valencia, Belsar"]
[Result "1-0"]
[WhiteElo "2354"]
[BlackElo "2341"]
[PlyCount "121"]
[EventDate "2019.08.07"]
[EventType "team"]
[EventRounds "2"]
[EventCountry "CAN"]
[WhiteTeam "South"]
[BlackTeam "North"]

1. Nf3 Nf6 2. d4 g6 3. Bg5 Bg7 4. Nbd2 d5 5. e3 O-O 6. Bd3 c5 7. c3 Nbd7 8. O-O
b6 9. Re1 Bb7 10. e4 dxe4 11. Nxe4 cxd4 12. Nxd4 Qc7 13. Qe2 Nxe4 14. Bxe4 Bxe4
15. Qxe4 e6 16. Rad1 Nc5 17. Nb5 Nxe4 18. Nxc7 Rac8 19. Be7 Nxc3 20. Rd7 Na4
21. Bxf8 Bxf8 22. Nb5 Nxb2 23. Rxa7 Rc4 24. Rd7 Bc5 25. Nd6 Rc2 26. Ne4 Na4 27.
Rd2 Rc4 28. Nxc5 Rxc5 29. f3 b5 30. Rb1 h5 31. Kf1 Kf8 32. Rd8+ Ke7 33. Rb8 Nc3
34. Rc1 Kd6 35. a3 Kd5 36. Ke1 Kd4 37. Kd2 Nd5 38. Rxc5 Kxc5 39. Rb7 f6 40. h4
e5 41. g3 Kc4 42. Rb8 f5 43. Rc8+ Kd4 44. Rc6 e4 45. fxe4 fxe4 46. Rxg6 e3+ 47.
Ke1 b4 48. axb4 Nxb4 49. Ke2 Nd5 50. Rh6 Nc3+ 51. Kf3 Ne4 52. Rh8 Nd2+ 53. Ke2
Ne4 54. Rd8+ Ke5 55. Kf3 Nf6 56. Kxe3 Kf5 57. Kf3 Ke5 58. Ra8 Kf5 59. Ra5+ Kg6
60. Kf4 Nh7 61. Ra6+ 1-0

[Event "Battle of Alberta"]
[Site "Red Deer CAN"]
[Date "2019.08.07"]
[Round "1.3"]
[White "Arruebarrena, Rafael"]
[Black "South, Robert"]
[Result "1-0"]
[WhiteElo "2334"]
[BlackElo "2312"]
[PlyCount "27"]
[EventDate "2019.08.07"]
[EventType "team"]
[EventRounds "2"]
[EventCountry "CAN"]
[WhiteTeam "North"]
[BlackTeam "South"]

1. e4 g6 2. d4 Bg7 3. Nf3 d6 4. Bc4 Nf6 5. Qe2 O-O 6. O-O Nc6 7. e5 dxe5 8.
dxe5 Nd5 9. Rd1 e6 10. Nc3 Nce7 11. Ne4 b6 12. Bb3 Qe8 13. c4 Ba6 14. Qd2 1-0

[Event "Battle of Alberta"]
[Site "Red Deer CAN"]
[Date "2019.09.07"]
[Round "1.4"]
[White "South, Fred"]
[Black "Caldera, Anuar"]
[Result "1/2-1/2"]
[WhiteElo "2289"]
[BlackElo "2297"]
[Annotator "Neven,Knut Gunther"]
[PlyCount "98"]
[EventDate "2019.08.07"]
[EventType "team"]
[EventRounds "2"]
[EventCountry "CAN"]
[WhiteTeam "South"]
[BlackTeam "North"]

1. Nf3 c5 2. g3 Nc6 3. Bg2 g6 4. c4 Bg7 5. O-O e5 6. Nc3 Nge7 7. d3 O-O 8. Ne1
d6 9. Nc2 Be6 10. Ne3 f6 11. Ned5 Kh8 12. Bd2 Rb8 13. a3 a5 14. Rb1 Bg8 15. b4
axb4 16. axb4 Nxd5 17. Nxd5 cxb4 18. Nxb4 Nxb4 19. Rxb4 d5 20. cxd5 Bxd5 21.
Bxd5 Qxd5 22. Qb3 Rfd8 23. Rb1 Bf8 24. Qxd5 Rxd5 25. Rxb7 Rxb7 26. Rxb7 e4 27.
Rb8 Kg7 28. Rb7+ Kg8 29. Rb3 Kf7 30. Be3 exd3 31. Rxd3 Rb5 32. f3 h5 33. Kf2
Bc5 34. Bxc5 Rxc5 35. h4 g5 36. hxg5 fxg5 37. e4 Ra5 38. f4 Kg6 39. Rd6+ Kf7
40. Rb6 Ra3 41. Rb7+ Ke6 42. Rb5 Ra2+ 43. Kf3 Ra3+ 44. Kg2 Re3 45. Rb4 Kf7 46.
Kf2 Ra3 47. f5 h4 48. Rb7+ Kg8 49. gxh4 Rh3 {SCORESHEET ILLEGIBLE} 1/2-1/2

[Event "Battle of Alberta"]
[Site "Red Deer CAN"]
[Date "2019.08.07"]
[Round "1.5"]
[White "Gardner, Robert"]
[Black "Malek, Omid"]
[Result "1-0"]
[WhiteElo "2146"]
[BlackElo "2263"]
[PlyCount "101"]
[EventDate "2019.08.07"]
[EventType "team"]
[EventRounds "2"]
[EventCountry "CAN"]
[WhiteTeam "North"]
[BlackTeam "South"]

1. e4 e6 2. d4 d5 3. Nc3 Nf6 4. exd5 exd5 5. Nf3 Bg4 6. Be2 Nc6 7. O-O Be7 8.
Re1 O-O 9. Ne5 Bf5 10. Bf3 Nb4 11. Re2 c6 12. a3 Na6 13. Bg5 h6 14. Bf4 Nc7 15.
g4 Bh7 16. Bg2 Ne6 17. Bg3 Bd6 18. h3 Qc7 19. b4 Rad8 20. Qd2 Ng5 21. f3 Ne6
22. f4 a5 23. b5 Qb6 24. Bf2 g5 25. fxg5 hxg5 26. Nf3 Bf4 27. Be3 Ne4 28. Nxe4
dxe4 29. Nxg5 Bxg5 30. Bxg5 Nxd4 31. Kh1 Nxe2 32. Qxe2 Qd4 33. Rf1 f6 34. Bh6
Rf7 35. bxc6 bxc6 36. Be3 Qd5 37. Rg1 Bg6 38. Qa6 Kh8 39. Bf1 Rh7 40. Kg2 Bf7
41. Be2 Rg8 42. Rd1 Qe6 43. Qxa5 Bh5 44. Rg1 Bg6 45. Qc3 Rf7 46. Bc4 Qe7 47.
Bxf7 Bxf7 48. Bd4 Rg6 49. Rf1 Kg7 50. Bxf6+ Rxf6 51. g5 1-0

[Event "Battle of Alberta"]
[Site "Red Deer CAN"]
[Date "2019.09.07"]
[Round "1.6"]
[White "Haessel, Dale"]
[Black "Miller, David"]
[Result "0-1"]
[WhiteElo "2251"]
[BlackElo "2212"]
[PlyCount "42"]
[EventDate "2019.08.07"]
[EventType "team"]
[EventRounds "2"]
[EventCountry "CAN"]
[WhiteTeam "South"]
[BlackTeam "North"]

1. d4 Nf6 2. c4 e6 3. Nc3 Bb4 4. e3 O-O 5. Bd3 d5 6. cxd5 exd5 7. Nge2 Re8 8.
O-O Bd6 9. Bd2 Ng4 10. Ng3 Qh4 11. h3 Nxf2 12. Rxf2 Bxg3 13. Rf3 Bg4 14. Qa4 b5
15. Qxb5 c6 16. Qb7 Bxf3 17. Qxa8 Bf2+ 18. Kf1 Bxg2+ 19. Kxg2 Qg3+ 20. Kf1 Bxe3
21. Bxe3 Qxh3+ 0-1

[Event "Battle of Alberta"]
[Site "Red Deer CAN"]
[Date "2019.08.07"]
[Round "1.7"]
[White "Veneracion, Paolo"]
[Black "Brebrich, Branimir"]
[Result "0-1"]
[WhiteElo "2164"]
[BlackElo "2225"]
[PlyCount "126"]
[EventDate "2019.08.07"]
[EventType "team"]
[EventRounds "2"]
[EventCountry "CAN"]
[WhiteTeam "North"]
[BlackTeam "South"]

1. Nf3 Nf6 2. g3 g6 3. Bg2 Bg7 4. c4 c5 5. O-O Nc6 6. d4 cxd4 7. Nxd4 O-O 8.
Nc3 Nxd4 9. Qxd4 d6 10. Rd1 a6 11. Na4 Bd7 12. c5 Qa5 13. Nc3 dxc5 14. Qe3 Be6
15. Bxb7 Rad8 16. Bd2 Ng4 17. Qf3 Ne5 18. Qg2 Nc4 19. Be1 Rxd1 20. Rxd1 Nxb2
21. Nd5 Qxa2 22. Nxe7+ Kh8 23. Rd6 Qb1 24. Qf1 Nc4 25. Rxe6 fxe6 26. Bxa6 Ne3
27. Bd3 Qxd3 28. exd3 Nxf1 29. Kxf1 Bd4 30. Nc6 Bf6 31. Ke2 Ra8 32. Kf3 Kg7 33.
Na5 Kf7 34. Nc4 Ra2 35. h4 Bd4 36. g4 Ra1 37. Ke2 e5 38. Nd6+ Ke6 39. Ne4 h6
40. Kf1 h5 41. f3 hxg4 42. fxg4 Ra2 43. Bd2 Ra1+ 44. Kg2 Ra3 45. h5 gxh5 46.
gxh5 Rxd3 47. h6 Kf7 48. Bg5 Kg6 49. Nf6 Ra3 50. h7 Ra8 51. Bh4 c4 52. Kf3 c3
53. Ke2 Kg7 54. Kd3 Ra2 55. Bg5 Rh2 56. Ne4 Kxh7 57. Bc1 Kg6 58. Ba3 Kf5 59.
Nd6+ Ke6 60. Ne4 Rh3+ 61. Kc2 Kd5 62. Nd6 Rh2+ 63. Kb3 Rb2+ 0-1

[Event "Battle of Alberta"]
[Site "Red Deer CAN"]
[Date "2019.09.07"]
[Round "1.8"]
[White "Kostadinov, Georgi"]
[Black "Van den Born, Ico"]
[Result "1-0"]
[WhiteElo "2213"]
[BlackElo "2132"]
[PlyCount "57"]
[EventDate "2019.08.07"]
[EventType "team"]
[EventRounds "2"]
[EventCountry "CAN"]
[WhiteTeam "South"]
[BlackTeam "North"]

1. c4 Nf6 2. g3 e6 3. Bg2 d5 4. Nf3 d4 5. d3 c5 6. O-O Nc6 7. e3 e5 8. Re1 Be7
9. h3 O-O 10. Na3 h6 11. Nc2 Bf5 12. exd4 exd4 13. b4 cxb4 14. Bb2 Bc5 15. Ne5
Qd6 16. Nxc6 bxc6 17. Qf3 Bd7 18. Bc1 g5 19. h4 Bg4 20. Qxc6 Qxc6 21. Bxc6 Rac8
22. Bg2 Bf5 23. hxg5 Bxd3 24. gxf6 Bxc2 25. Bxh6 d3 26. Re4 Rfd8 27. Rg4+ Kh7
28. Be4+ Kxh6 29. Kg2 1-0

[Event "Battle of Alberta"]
[Site "Red Deer CAN"]
[Date "2019.09.07"]
[Round "1.9"]
[White "Villavieja, Butch"]
[Black "Chandra, Anand"]
[Result "1-0"]
[WhiteElo "2143"]
[BlackElo "2090"]
[PlyCount "93"]
[EventDate "2019.08.07"]
[EventType "team"]
[EventRounds "2"]
[EventCountry "CAN"]
[WhiteTeam "North"]
[BlackTeam "South"]

1. d4 d5 2. e4 dxe4 3. Nc3 Nf6 4. Bg5 h6 5. Bxf6 exf6 6. Nxe4 f5 7. Ng3 Qe7+ 8.
Qe2 Nc6 9. c3 Qxe2+ 10. Bxe2 Bd6 11. Bd3 g6 12. O-O-O Bd7 13. Re1+ Ne7 14. Nf3
O-O-O 15. Ne5 Bxe5 16. Rxe5 Nc6 17. Re2 Be6 18. b3 Ne7 19. Bc4 Nd5 20. Bxd5
Bxd5 21. f3 b5 22. Re5 Rhe8 23. Rhe1 Rxe5 24. Rxe5 c6 25. Ne2 Be6 26. Nf4 Rd6
27. Nd3 a5 28. Kb2 Kc7 29. Nc5 Kb6 30. a4 Rd5 31. Re2 Rd6 32. g3 g5 33. f4 Rd8
34. Nxe6 fxe6 35. Rxe6 gxf4 36. gxf4 Rg8 37. Rxh6 Rg2+ 38. Kb1 bxa4 39. bxa4
Rf2 40. d5 Rxf4 41. Rxc6+ Kb7 42. c4 Rf1+ 43. Kc2 Rf2+ 44. Kd3 Rxh2 45. Rf6 Ra2
46. Rxf5 Rxa4 47. Kd4 1-0